El cambio estratégico cuando las empresas cambian de orientación (Registro nro. 91586)

Detalles MARC
000 -ENCABEZADO
Número de control [NR] 01293nam a22003017a 4500
008 - DE LONGITUD FIJA DE DATOS DE ELEMENTOS - INFORMACIÓN GENERAL
Elementos de longitud fija [NR] 130821s2002 mx a gr spa
020 ## - NUMERO INTERNACIONAL NORMALIZADO PARA LIBROS [R]
Número Internacional Normalizado del libro [NR] 9706136355
040 ## - FUENTE DE CATALOGACION [NR]
Agencia de catalogación original [NR] Co-BoUCM
Idioma de catalogación [NR] spa
041 00 - CODIGO DE IDIOMA [R]
Código de idioma para texto/pista de sonido o título separado [R] Español
100 1# - ASIENTO PRINCIPAL--NOMBRE PERSONAL [NR]
Nombre personal [NR] Huff, Anne Sigismund
ID Autoridad 171694
245 13 - MENCION DE TITULO [NR]
Título [NR] El cambio estratégico cuando las empresas cambian de orientación
Mención de responsabilidad, etc. [NR] Anne Sigismund Huff, James Oran Huff ; traducción, Enrique Cruz Mercado González
260 ## - PUBLICACION, DISTRIBUCION, ETC. (PIE DE IMPRENTA) [R]
Lugar de publicación, distribución, etc. [R] México D.F. (México)
Nombre del editor, distribuidor, etc. [R] Oxford University Press
Fecha de publicación, distribución, etc. [R] 2002
300 ## - DESCRIPCION FISICA [R]
Extensión [R] xvi, 380 páginas
Otros detalles físicos [NR] ilustraciones, tablas, cuadros
500 ## - NOTA GENERAL [R]
Nota general [NR] Ejemplar 3 Donación Dr. Guillermo Galán.
500 ## - NOTA GENERAL [R]
Nota general [NR] Libros de bodega disponibles en 24 horas a partir de la solicitud.
504 ## - NOTA DE BIBLIOGRAFIA, ETC. [R]
Nota de bibliografía, etc. [NR]
650 04 - ASIENTO SECUNDARIO DE MATERIA - TERMINO TEMATICO [R]
Término temático o nombre geográfico como elemento de entrada [NR] Administración de empresas
9 (RLIN) 435
650 04 - ASIENTO SECUNDARIO DE MATERIA - TERMINO TEMATICO [R]
Término temático o nombre geográfico como elemento de entrada [NR] Administración internacional
9 (RLIN) 8603
650 04 - ASIENTO SECUNDARIO DE MATERIA - TERMINO TEMATICO [R]
Término temático o nombre geográfico como elemento de entrada [NR] Cambio organizacional
9 (RLIN) 7360
650 04 - ASIENTO SECUNDARIO DE MATERIA - TERMINO TEMATICO [R]
Término temático o nombre geográfico como elemento de entrada [NR] Industria farmacéutica
Subdivisión geográfica [R] Estados Unidos
9 (RLIN) 17457
650 04 - ASIENTO SECUNDARIO DE MATERIA - TERMINO TEMATICO [R]
Término temático o nombre geográfico como elemento de entrada [NR] Planificación empresarial
9 (RLIN) 21660
650 04 - ASIENTO SECUNDARIO DE MATERIA - TERMINO TEMATICO [R]
Término temático o nombre geográfico como elemento de entrada [NR] Planificación estratégica
9 (RLIN) 21662
700 1# - ASIENTO SECUNDARIO - NOMBRE PERSONAL [R]
Nombre personal [NR] Cruz Mercado Gonzalez, Enrique
Término de relación [R]
9 (RLIN) 153288
700 1# - ASIENTO SECUNDARIO - NOMBRE PERSONAL [R]
Nombre personal [NR] Huff, James Oran
9 (RLIN) 171695
765 ## - ASIENTO DE IDIOMA ORIGINAL [R]
Título [NR] When firms change direcction
942 ## - ELEMENTOS DE ENTRADA AGREGADOS (KOHA)
Tipo de ítem principal el descrito en 300a Libro
Tema principal Administración
Edición 1
Parte restante de la signatura top. H889c
Sistema de clasificación DEWEY
Clasificación 658.4063
Existencias
Fecha de último préstamo Total préstamos Total Renewals Signatura topográfica Código de barras Última vez visto Ejemplar Price effective from Tipo de ítem Perdido Sistema de clasificación Dañado No prestable Tipo de ítem específico Suprimido Ubicación habitual Ubicación actual Localización Fecha de creación Forma de adquisición Costo
07/02/2020 11 15 658.4063 H889c 100067560 04/12/2025 Ej.1 03/02/2013 Libro   DEWEY     Libro   Claustro Claustro 4to piso 28/02/2004 Compra 76415.00